მართლმსაჯულება და კანონი = Justice and Law : (ბიბ.ჩანაწერი № 57994)
[ მარტივი ფორმატი ]
| 000 -LEADER | |
|---|---|
| fixed length control field | 00627nam a22001577a 4500 |
| 005 - DATE AND TIME OF LATEST TRANSACTION | |
| control field | 20210419162251.0 |
| 008 - FIXED-LENGTH DATA ELEMENTS--GENERAL INFORMATION | |
| fixed length control field | 210419r2020 ge ||||| |||| 00| 0 geo d |
| 022 ## - INTERNATIONAL STANDARD SERIAL NUMBER | |
| International Standard Serial Number | 1512259X |
| 041 ## - LANGUAGE CODE | |
| Language code of text/sound track or separate title | geo |
| 245 ## - TITLE STATEMENT | |
| Title | მართლმსაჯულება და კანონი = Justice and Law : |
| Remainder of title | 2020 / |
| Statement of responsibility, etc. | რედაქტორი ნინო ძიძიგური. |
| 260 ## - PUBLICATION, DISTRIBUTION, ETC. | |
| Place of publication, distribution, etc. | თბილისი, |
| Date of publication, distribution, etc. | 2020. |
| 300 ## - PHYSICAL DESCRIPTION | |
| Extent | V. |
| 653 ## - INDEX TERM--UNCONTROLLED | |
| Uncontrolled term | მართლმსაჯულება და კანონი |
| 700 ## - ADDED ENTRY--PERSONAL NAME | |
| Personal name | ძიძიგური, ნინო |
| Relator term | რედაქტორი |
| 9 (RLIN) | 6342 |
| 942 ## - ADDED ENTRY ELEMENTS (KOHA) | |
| Source of classification or shelving scheme | |
| Koha item type | პერიოდიკა |
| Withdrawn status | Lost status | Source of classification or shelving scheme | Damaged status | Not for loan | Permanent Location | Current Location | Shelving location | Date acquired | Serial Enumeration / chronology | Barcode | Date last seen | Copy number | Price effective from | Koha item type |
|---|---|---|---|---|---|---|---|---|---|---|---|---|---|---|
| შიდა ფონდი | ბათუმის შოთა რუსთაველის სახელმწიფო უნივერსიტეტის მთავარი ბიბლიოთეკა | ბათუმის შოთა რუსთაველის სახელმწიფო უნივერსიტეტის მთავარი ბიბლიოთეკა | წიგნსაცავი | 2021-04-19 | #2 (66) (2020) | 80785 | 2021-04-19 | 80785 | 2021-04-19 | პერიოდიკა | ||||
| შიდა ფონდი | ბათუმის შოთა რუსთაველის სახელმწიფო უნივერსიტეტის მთავარი ბიბლიოთეკა | ბათუმის შოთა რუსთაველის სახელმწიფო უნივერსიტეტის მთავარი ბიბლიოთეკა | წიგნსაცავი | 2021-04-19 | #3 (67) (2020) | 80786 | 2021-04-19 | 80786 | 2021-04-19 | პერიოდიკა | ||||
| შიდა ფონდი | ბათუმის შოთა რუსთაველის სახელმწიფო უნივერსიტეტის მთავარი ბიბლიოთეკა | ბათუმის შოთა რუსთაველის სახელმწიფო უნივერსიტეტის მთავარი ბიბლიოთეკა | წიგნსაცავი | 2021-04-19 | #4 (68) (2020) | 80787 | 2021-04-19 | 80787 | 2021-04-19 | პერიოდიკა |
